000 00418nam a22001697a 4500
005 20160527122827.0
008 160527b xxu||||| |||| 00| 0 eng d
020 _a81-203-2367-x
041 _aeng
082 _b5531
100 _aChopra, Sunil & Meindi , Peter
_91387
245 _aSupply Chain Management
260 _aNew Delhi
_bAcademic Faundation
300 _a558
650 _aManagement
_9241
942 _cBK
999 _c1966
_d1965